[Event "Tata Steel India Rapid"]
[Site "Kolkata IND"]
[Date "2021.11.17"]
[Round "1.1"]
[White "Karthikeyan, Murali"]
[Black "Le, Quang Liem"]
[Result "1/2-1/2"]
[WhiteTitle "GM"]
[BlackTitle "GM"]
[WhiteElo "2630"]
[BlackElo "2709"]
[WhiteFideId "5074452"]
[BlackFideId "12401137"]
[EventDate "2021.11.17"]

1. e4 e5 2. Nf3 Nc6 3. Bb5 a6 4. Ba4 Nf6 5. O-O Be7 6. Re1 b5 7. Bb3 d6 8. c3
O-O 9. h3 Bb7 10. d4 Re8 11. Nbd2 Bf8 12. a3 h6 13. Ba2 Nb8 14. Qb3 Qd7 15. Qc2
c5 16. d5 c4 17. b3 cxb3 18. Bxb3 Qc7 19. a4 Nbd7 20. Ba3 Rec8 21. Rec1 Nc5 22.
c4 Qb6 23. a5 Qa7 24. Qb1 Rab8 25. cxb5 axb5 26. Bb4 Ncxe4 27. Rxc8 Qxf2+ 28.
Kh2 Qg3+ 29. Kg1 Qf2+ 30. Kh2 Qg3+ 31. Kg1 Qf2+ 1/2-1/2

[Event "Tata Steel India Rapid"]
[Site "Kolkata IND"]
[Date "2021.11.17"]
[Round "1.2"]
[White "Vaishali, R"]
[Black "Praggnanandhaa, R"]
[Result "1/2-1/2"]
[WhiteTitle "WGM"]
[BlackTitle "GM"]
[WhiteElo "2405"]
[BlackElo "2610"]
[WhiteFideId "5091756"]
[BlackFideId "25059530"]
[EventDate "2021.11.17"]

1. e4 c5 2. Nf3 d6 3. Bb5+ Bd7 4. Bxd7+ Nxd7 5. O-O Ngf6 6. Re1 e6 7. b3 Be7 8.
Bb2 O-O 9. c4 a6 10. d4 cxd4 11. Nxd4 Qa5 12. Nc3 Bd8 13. Qd3 Bb6 14. Rad1 Rfd8
15. h3 Ne5 16. Qe2 Ng6 17. g3 Ba7 18. Kg2 h5 19. Qd2 h4 20. Nd5 Qxd2 21. Nxf6+
gxf6 22. Rxd2 Kf8 23. Red1 Bc5 24. Nf3 hxg3 25. Bxf6 Nf4+ 26. Kf1 Bxf2 27. Bxd8
Rxd8 28. Rxf2 gxf2 29. Kxf2 Ke7 30. Ke3 Nh5 31. e5 dxe5 32. Rxd8 Kxd8 33. Nxe5
Ke7 34. Kd4 f6 35. Nd3 Kd6 36. b4 e5+ 37. Ke3 f5 38. Nc5 Kc6 39. Nd3 Kd6 40. Nc5
e4 41. Kd4 Kc6 42. a4 Nf4 43. b5+ axb5 44. axb5+ Kb6 45. Nd7+ Kc7 46. Nf6 Nxh3
47. Ke5 Kc8 48. Nd5 Kd7 49. c5 f4 50. Kxe4 Ng5+ 51. Kxf4 Ne6+ 52. Ke5 1/2-1/2

[Event "Tata Steel India Rapid"]
[Site "Kolkata IND"]
[Date "2021.11.17"]
[Round "1.4"]
[White "Shankland, Sam"]
[Black "Aronian, Levon"]
[Result "0-1"]
[WhiteTitle "GM"]
[BlackTitle "GM"]
[WhiteElo "2708"]
[BlackElo "2782"]
[WhiteFideId "2004887"]
[BlackFideId "13300474"]
[EventDate "2021.11.17"]

1. d4 Nf6 2. c4 e6 3. Nf3 d5 4. g3 dxc4 5. Bg2 c5 6. O-O Nc6 7. Qa4 Bd7 8. Qxc4
b5 9. Qc3 b4 10. Qd3 Rc8 11. dxc5 Bxc5 12. Nbd2 O-O 13. Nb3 Bb6 14. Be3 e5 15.
Ng5 h6 16. Ne4 Bf5 17. Bxb6 axb6 18. Nxf6+ Qxf6 19. Qb5 Nd4 20. Nxd4 exd4 21.
Qxb4 Rc2 22. Rad1 d3 23. exd3 Rxb2 24. Qf4 Rxa2 25. d4 Ra4 26. Qe3 Bd7 27. d5
Re8 28. Qb3 Qd6 29. Bh3 Ra3 30. Qxa3 Qxa3 31. Bxd7 Rd8 32. Bc6 g5 33. Rb1 h5 34.
Rxb6 h4 35. Rfb1 Rd6 36. R6b3 Qc5 37. Rf3 Qc2 38. Re1 Qd2 39. Rfe3 Rf6 40. R1e2
Qc1+ 41. Re1 Qc2 42. R3e2 Qc5 43. Kg2 h3+ 44. Kxh3 Rxf2 45. Kg4 Qc4+ 46. Re4 f5+ 0-1

[Event "Tata Steel India Rapid"]
[Site "Kolkata IND"]
[Date "2021.11.17"]
[Round "1.5"]
[White "Adhiban, Baskaran"]
[Black "Vidit, Santosh Gujrathi"]
[Result "0-1"]
[WhiteTitle "GM"]
[BlackTitle "GM"]
[WhiteElo "2672"]
[BlackElo "2727"]
[WhiteFideId "5018471"]
[BlackFideId "5029465"]
[EventDate "2021.11.17"]

1. e4 e5 2. Nf3 Nc6 3. Bc4 Bc5 4. d3 Nf6 5. Bg5 h6 6. Bh4 d6 7. c3 a5 8. Nbd2
Ba7 9. O-O g5 10. Bg3 O-O 11. a3 Nh7 12. Kh1 Kh8 13. b4 h5 14. b5 Ne7 15. Bxe5+
dxe5 16. Nxe5 Kg7 17. f4 g4 18. d4 f6 19. Nd3 f5 20. Ne5 Nf6 21. Qe2 fxe4 22.
Nxe4 Nxe4 23. Qxe4 Bf5 24. Qxb7 Bb6 25. g3 c6 26. Nxc6 Be4+ 27. Kg1 Bxc6 28.
bxc6 Ra7 29. c7 Qxd4+ 30. cxd4 Rxb7 31. Kg2 Rxc7 32. Rfe1 Bxd4 33. Rad1 Nf5 34.
Bd3 Ne3+ 0-1

[Event "Tata Steel India Rapid"]
[Site "Kolkata IND"]
[Date "2021.11.17"]
[Round "2.2"]
[White "Maghsoodloo, Parham"]
[Black "Shankland, Sam"]
[Result "0-1"]
[WhiteTitle "GM"]
[BlackTitle "GM"]
[WhiteElo "2706"]
[BlackElo "2708"]
[WhiteFideId "12539929"]
[BlackFideId "2004887"]
[EventDate "2021.11.17"]

1. e4 e5 2. Nf3 Nc6 3. Bc4 Bc5 4. d3 Nf6 5. Nc3 a6 6. O-O d6 7. Bg5 h6 8. Bxf6
Qxf6 9. Nd5 Qd8 10. c3 Ba7 11. a4 O-O 12. Ne3 Ne7 13. d4 exd4 14. Nxd4 Ng6 15.
Kh1 Re8 16. Qc2 c6 17. Rad1 Qf6 18. Ndf5 Bxf5 19. Nxf5 Rad8 20. f4 Nh4 21. Ng3
Qg6 22. Bd3 Qg4 23. Be2 Qe6 24. e5 Kh8 25. Qe4 f5 26. Qb4 Bc5 27. Qxb7 dxe5 28.
Nh5 Bf8 29. Qxa6 Rxd1 30. Rxd1 exf4 31. Nxf4 Qe3 32. Rf1 Bd6 33. Bh5 Rb8 34. Nd3
Qe4 35. Bf3 Nxf3 36. Rxf3 Qe2 37. Nb4 Qe5 38. g3 Bxb4 39. cxb4 Qe4 40. Kg2 Rd8
41. Qf1 Rd2+ 42. Kg1 Qd4+ 43. Rf2 Rd1 0-1

[Event "Tata Steel India Rapid"]
[Site "Kolkata IND"]
[Date "2021.11.17"]
[Round "2.3"]
[White "Le, Quang Liem"]
[Black "Vidit, Santosh Gujrathi"]
[Result "0-1"]
[WhiteTitle "GM"]
[BlackTitle "GM"]
[WhiteElo "2709"]
[BlackElo "2727"]
[WhiteFideId "12401137"]
[BlackFideId "5029465"]
[EventDate "2021.11.17"]

1. Nf3 Nf6 2. c4 c5 3. Nc3 Nc6 4. e3 e6 5. d4 d5 6. cxd5 exd5 7. Bb5 cxd4 8.
exd4 Bd6 9. O-O O-O 10. h3 h6 11. Re1 Bf5 12. Ne5 Rc8 13. Bf4 Re8 14. Rc1 Re6
15. Bh2 Bh7 16. Bxc6 bxc6 17. Na4 Qa5 18. a3 Qb5 19. Re3 Ne4 20. f3 Nf6 21. Nc5
Bxc5 22. Rxc5 Qxb2 23. Rb3 Qa2 24. Bf4 Nh5 25. Be3 f6 26. Nd3 Bxd3 27. Qxd3 Ng3
28. Rb7 Qa1+ 29. Kf2 Nh1+ 30. Ke2 Rce8 0-1

[Event "Tata Steel India Rapid"]
[Site "Kolkata IND"]
[Date "2021.11.17"]
[Round "2.4"]
[White "Karthikeyan, Murali"]
[Black "Vaishali, R"]
[Result "1-0"]
[WhiteTitle "GM"]
[BlackTitle "WGM"]
[WhiteElo "2630"]
[BlackElo "2405"]
[WhiteFideId "5074452"]
[BlackFideId "5091756"]
[EventDate "2021.11.17"]

1. e4 e5 2. Nf3 Nc6 3. Bb5 a6 4. Ba4 d6 5. O-O Bd7 6. Bxc6 bxc6 7. d4 exd4 8.
Qxd4 Nf6 9. e5 dxe5 10. Nxe5 Bd6 11. Nxd7 Qxd7 12. Re1+ Kf8 13. Bf4 h5 14. Nd2
h4 15. Nc4 Bxf4 16. Qxf4 h3 17. Rad1 Nd5 18. Qf3 Re8 19. Ne5 Qe6 20. c4 Nf6 21.
Ng6+ fxg6 22. Rxe6 Rxe6 23. Qf4 Re7 24. g4 Rh4 25. f3 Kf7 26. Kf1 Ke8 27. Re1
Rxe1+ 28. Kxe1 Kd7 29. Qg5 Rh8 30. Qxg6 Re8+ 31. Kf2 Re7 32. Qd3+ Kc8 33. Qa3
Rf7 34. Qxa6+ Kd7 35. Kg3 g5 36. Qa5 1-0

[Event "Tata Steel India Rapid"]
[Site "Kolkata IND"]
[Date "2021.11.17"]
[Round "2.5"]
[White "Aronian, Levon"]
[Black "Adhiban, Baskaran"]
[Result "1-0"]
[WhiteTitle "GM"]
[BlackTitle "GM"]
[WhiteElo "2782"]
[BlackElo "2672"]
[WhiteFideId "13300474"]
[BlackFideId "5018471"]
[EventDate "2021.11.17"]

1. e4 e5 2. Nf3 Nc6 3. Bb5 f5 4. d3 fxe4 5. dxe4 Nf6 6. O-O d6 7. Nc3 Be7 8. Bc4
Na5 9. Be2 O-O 10. b4 Nc6 11. b5 Na5 12. Nd5 Kh8 13. Nxf6 Bxf6 14. Bd2 b6 15.
Bxa5 bxa5 16. Bc4 Bg4 17. Qd3 a4 18. Rab1 Rb8 19. Bd5 Qe8 20. c4 Qh5 21. h3 Bxf3
22. Qxf3 Qxf3 23. gxf3 Bg5 24. Rb4 Rxf3 25. Rxa4 Rbf8 26. Rxa7 Be3 27. Rxc7 Rxf2
28. Rxf2 Rxf2 29. Kh1 h5 30. h4 Rxa2 31. Re7 Rb2 32. Re8+ Kh7 33. Bg8+ Kh6 34.
Re6+ g6 35. Rxd6 Kg7 36. Be6 g5 37. Rd3 Bf4 38. hxg5 Kg6 39. Bd7 Rc2 40. b6 Rc1+
41. Kg2 Rc2+ 42. Kf3 Rxc4 43. Rb3 1-0

[Event "Tata Steel India Rapid"]
[Site "Kolkata IND"]
[Date "2021.11.17"]
[Round "3.1"]
[White "Adhiban, Baskaran"]
[Black "Maghsoodloo, Parham"]
[Result "0-1"]
[WhiteTitle "GM"]
[BlackTitle "GM"]
[WhiteElo "2672"]
[BlackElo "2706"]
[WhiteFideId "5018471"]
[BlackFideId "12539929"]
[EventDate "2021.11.17"]

1. e4 c5 2. Nf3 Nc6 3. Nc3 d6 4. d4 cxd4 5. Nxd4 Nf6 6. Bc4 Qb6 7. Nb3 e6 8. Be3
Qc7 9. f4 a6 10. O-O b5 11. Bd3 Be7 12. Qf3 Bb7 13. Qh3 h5 14. Kh1 Nb4 15. Rac1
Rc8 16. a3 Nc6 17. Bg1 Na5 18. Nd4 Nc4 19. e5 Ng4 20. exd6 Bxd6 21. Rce1 Nxb2
22. Be4 Bxe4 23. Nxe4 Bxf4 24. Qf3 Be5 25. Nd6+ Bxd6 26. Nxe6 fxe6 27. Rxe6+ Kd8
28. Qd5 Nc4 29. Qg5+ Nf6 30. Bd4 Rf8 31. Bxf6+ gxf6 32. Rfxf6 Rxf6 33. Qxf6+ Be7
34. Qd4+ Qd7 35. Qd1 0-1

[Event "Tata Steel India Rapid"]
[Site "Kolkata IND"]
[Date "2021.11.17"]
[Round "3.2"]
[White "Vidit, Santosh Gujrathi"]
[Black "Aronian, Levon"]
[Result "0-1"]
[WhiteTitle "GM"]
[BlackTitle "GM"]
[WhiteElo "2727"]
[BlackElo "2782"]
[WhiteFideId "5029465"]
[BlackFideId "13300474"]
[EventDate "2021.11.17"]

1. d4 Nf6 2. c4 e6 3. Nf3 d5 4. Nc3 Bb4 5. Bg5 dxc4 6. e4 b5 7. a4 c5 8. axb5
cxd4 9. Nxd4 h6 10. Bxf6 Qxf6 11. Bxc4 Bc5 12. Nf3 Bb7 13. O-O Nd7 14. Na4 Qe7
15. Nxc5 Nxc5 16. Qd4 O-O 17. Nd2 Rfd8 18. Qe3 Qg5 19. f4 Qe7 20. b4 Nd7 21.
Rfb1 Nf6 22. Be2 e5 23. fxe5 Qxe5 24. Nf3 Qe6 25. h3 Nd5 26. Qd4 Nf4 27. Qe3
Bxe4 28. Re1 Qf5 29. Ra5 Re8 30. b6 Nd5 31. Qf2 axb6 32. Rxa8 Rxa8 33. Nd2 Qxf2+
34. Kxf2 Bg6 35. Nc4 Ra2 36. Kg3 Be4 37. Bf1 f5 38. Re2 Ra1 39. Rf2 Kh7 40. Kh2
Rb1 41. b5 Rxb5 42. Nd6 Rc5 43. Nxf5 Bxf5 44. Rxf5 Ne3 45. Rf8 Nxf1+ 46. Rxf1
Kg8 47. Kg3 b5 48. Rf4 Rc6 49. Rb4 Rb6 50. Kf4 Kf7 51. Ke5 Rg6 52. g4 Rg5+ 53.
Kd6 h5 54. gxh5 Rxh5 55. h4 Rf5 56. Kc6 Kg6 57. Rg4+ Kh6 58. Kb6 g6 59. Re4 Kh5
60. Ka5 Rc5 61. Re6 Rc4 62. Kxb5 Rxh4 63. Kc5 g5 64. Kd5 Ra4 65. Ke5 Kh4 66. Rb6
g4 67. Kf5 Kh3 68. Rh6+ Kg2 69. Rb6 g3 70. Rb1 Kh2 0-1

[Event "Tata Steel India Rapid"]
[Site "Kolkata IND"]
[Date "2021.11.17"]
[Round "3.3"]
[White "Shankland, Sam"]
[Black "Praggnanandhaa, R"]
[Result "1/2-1/2"]
[WhiteTitle "GM"]
[BlackTitle "GM"]
[WhiteElo "2708"]
[BlackElo "2610"]
[WhiteFideId "2004887"]
[BlackFideId "25059530"]
[EventDate "2021.11.17"]

1. e4 c5 2. Nf3 Nc6 3. d4 cxd4 4. Nxd4 Nf6 5. Nc3 e5 6. Ndb5 d6 7. Bg5 a6 8. Na3
b5 9. Nd5 Be7 10. Bxf6 Bxf6 11. c3 Rb8 12. Nc2 Bg5 13. a3 O-O 14. h4 Bh6 15. g4
Bf4 16. Qf3 a5 17. Nxf4 exf4 18. Qxf4 b4 19. axb4 axb4 20. Be2 bxc3 21. bxc3 Be6
22. Nd4 Ne5 23. Qg3 Ra8 24. O-O Rxa1 25. Rxa1 Qb6 26. f4 Nc6 27. Qe3 Nxd4 28.
cxd4 Qb2 29. Ra6 d5 30. e5 g6 31. f5 gxf5 32. Qg5+ Kh8 33. Qf6+ Kg8 34. Qg5+ Kh8
35. Qf6+ 1/2-1/2

[Event "Tata Steel India Rapid"]
[Site "Kolkata IND"]
[Date "2021.11.17"]
[Round "3.5"]
[White "Vaishali, R"]
[Black "Le, Quang Liem"]
[Result "0-1"]
[WhiteTitle "WGM"]
[BlackTitle "GM"]
[WhiteElo "2405"]
[BlackElo "2709"]
[WhiteFideId "5091756"]
[BlackFideId "12401137"]
[EventDate "2021.11.17"]

1. e4 c6 2. d4 d5 3. e5 Bf5 4. Nd2 e6 5. Nb3 Nd7 6. Nf3 a6 7. Be2 c5 8. dxc5
Bxc5 9. Nxc5 Nxc5 10. Nd4 Ne7 11. O-O O-O 12. Be3 Rc8 13. a4 Bg6 14. a5 Nd7 15.
f4 Nc6 16. Nxc6 Rxc6 17. c3 f6 18. exf6 Nxf6 19. Bd4 Ne4 20. Qc1 Nd6 21. Bg4 Bf5
22. Bxf5 Nxf5 23. Qd2 Nxd4 24. Qxd4 Rc4 25. Qd2 d4 26. cxd4 Qxd4+ 27. Qxd4 Rxd4
28. g3 Rf5 29. Rf2 Kf7 30. Re2 Rb5 31. Rae1 Rd6 32. Rc1 Kf6 33. Rc7 Rd4 34. Kf2
Rdb4 35. Kf3 h5 36. h3 Rb3+ 37. Kg2 Rxa5 38. g4 hxg4 39. hxg4 Rab5 40. Rcc2 R5b4
41. Rf2 a5 42. Rce2 a4 43. Kf1 Rd3 44. Kg2 b5 45. g5+ Kf7 46. f5 exf5 47. Rxf5+
Kg6 48. Rc5 Rdb3 49. Re6+ Kh5 50. g6+ Kg4 0-1

[Event "Tata Steel India Rapid"]
[Site "Kolkata IND"]
[Date "2021.11.18"]
[Round "4.1"]
[White "Le, Quang Liem"]
[Black "Aronian, Levon"]
[Result "1-0"]
[WhiteTitle "GM"]
[BlackTitle "GM"]
[WhiteElo "2709"]
[BlackElo "2782"]
[WhiteFideId "12401137"]
[BlackFideId "13300474"]
[EventDate "2021.11.17"]

1. d4 d5 2. c4 dxc4 3. e4 e5 4. Nf3 exd4 5. Bxc4 Nc6 6. O-O Be6 7. Bxe6 fxe6 8.
Qb3 Qd7 9. Qxb7 Rb8 10. Qa6 Nge7 11. Nbd2 Ng6 12. a3 Bd6 13. g3 O-O 14. Ne1 e5
15. Qe2 a5 16. Nc4 Qc8 17. Nd3 Qa6 18. Qc2 a4 19. Bd2 Rb3 20. Rac1 h5 21. f4
exf4 22. gxf4 Qb5 23. e5 Be7 24. Be1 Rxd3 25. Qxd3 Nxf4 26. Qe4 Nh3+ 27. Kg2 Ng5
28. Rxf8+ Bxf8 29. Qf5 Qd5+ 30. Kf1 Nf3 31. Bg3 d3 32. Ne3 d2 33. Rd1 Qb5+ 34.
Kg2 Qe2+ 35. Kh1 Ncd4 36. Qe4 h4 37. Bf4 Qe1+ 38. Kg2 Qe2+ 39. Kh1 Qe1+ 40. Kg2
Ng1 41. h3 Ndf3 42. Qd5+ Kh7 43. e6 Qe2+ 44. Kh1 Bd6 45. Qh5+ Kg8 46. Qf7+ Kh7
47. Nf5 1-0

[Event "Tata Steel India Rapid"]
[Site "Kolkata IND"]
[Date "2021.11.18"]
[Round "4.3"]
[White "Maghsoodloo, Parham"]
[Black "Vidit, Santosh Gujrathi"]
[Result "1/2-1/2"]
[WhiteTitle "GM"]
[BlackTitle "GM"]
[WhiteElo "2706"]
[BlackElo "2727"]
[WhiteFideId "12539929"]
[BlackFideId "5029465"]
[EventDate "2021.11.17"]

1. e4 e5 2. Nf3 Nc6 3. Bc4 Bc5 4. d3 Nf6 5. O-O O-O 6. Nc3 h6 7. Be3 Bxe3 8.
fxe3 d6 9. a4 Ne7 10. Nh4 Bg4 11. Qe1 Nh7 12. d4 Be6 13. Bxe6 fxe6 14. dxe5 dxe5
15. Qg3 Qd6 16. Nf3 Qb6 17. Qxe5 Ng6 18. Qd4 Rfd8 19. Qc4 Qxe3+ 20. Kh1 Qb6 21.
Nb5 Rd7 22. a5 Qa6 23. Qc5 c6 24. Nbd4 Re8 25. Qh5 Nhf8 26. Nb3 Qe2 27. Qc5 Qxe4
28. Rae1 Qg4 29. Qxa7 Rf7 30. a6 Ree7 31. axb7 Rxb7 32. Qe3 Nf4 33. Qf2 N8g6 34.
Qg3 Qh5 35. Nfd2 Rb5 36. Ne4 Rbf5 37. Qf3 Nd5 38. Qd3 Ne5 39. Rxf5 exf5 40. Ng3
Nxd3 41. Re8+ Kh7 42. Nxh5 Nxb2 43. Nd4 Re7 44. Rxe7 Nxe7 45. Nf4 g5 46. Nfe6
Nc4 47. h4 gxh4 48. Kh2 Ne3 49. Kh3 Kg6 50. c3 Kf6 51. Nf4 N7d5 52. Nfe2 c5 53.
Nf3 c4 54. Nd2 Ke5 55. Kxh4 Nxg2+ 56. Kh5 Nge3 57. Kxh6 Kf6 58. Kh5 f4 59. Kh4
Kf5 60. Kh3 Ke5 61. Kh2 Nf6 62. Kg1 Ne4 63. Nf3+ Kf5 64. Kh2 Nd5 65. Ned4+ Kf6
66. Ne2 Ke6 67. Kh3 Nexc3 68. Ned4+ Kd6 69. Kg4 Nd1 70. Kf5 c3 71. Ne1 Kc5 72.
Ne2 Kc4 73. Ke4 Nf2+ 74. Kf3 Nd3 75. Nc2 Ne5+ 76. Ke4 f3 77. Ng3 Nc6 78. Kxf3
Kd3 79. Ne1+ Kd2 80. Kf2 Nf6 81. Ne2 Ng4+ 82. Kf1 Ne3+ 83. Kf2 Nd1+ 84. Kf1 Ne5
85. Nxc3 Kxc3 86. Ke2 Nb2 87. Nf3 Ng4 88. Ng5 Nc4 89. Kf3 Nge5+ 90. Ke4 Nd3 91.
Nf3 Nf2+ 92. Kd5 Ne3+ 93. Ke5 Kd3 94. Kf4 Nfd1 95. Ne5+ Ke2 96. Ke4 Nc3+ 97. Kd4
Nb5+ 98. Kc5 Nc7 99. Kd4 Ne6+ 100. Ke4 Ng5+ 101. Kf4 Ne6+ 102. Ke4 Ng5+ 103. Kf4
Ne6+ 104. Ke4 1/2-1/2

[Event "Tata Steel India Rapid"]
[Site "Kolkata IND"]
[Date "2021.11.18"]
[Round "4.4"]
[White "Praggnanandhaa, R"]
[Black "Adhiban, Baskaran"]
[Result "1-0"]
[WhiteTitle "GM"]
[BlackTitle "GM"]
[WhiteElo "2610"]
[BlackElo "2672"]
[WhiteFideId "25059530"]
[BlackFideId "5018471"]
[EventDate "2021.11.17"]

1. d4 Nf6 2. c4 g6 3. Nc3 d5 4. cxd5 Nxd5 5. e4 Nxc3 6. bxc3 Bg7 7. Nf3 c5 8. h3
O-O 9. Be3 b6 10. Rc1 e6 11. h4 Bb7 12. h5 Bxe4 13. Ng5 cxd4 14. cxd4 Bd5 15.
hxg6 hxg6 16. Qg4 Nd7 17. Qh4 Re8 18. Bb5 e5 19. O-O exd4 20. Bf4 a6 21. Qh7+
Kf8 22. Bd6+ Re7 23. Bxd7 Qxd7 24. Qh2 Re8 25. Rc7 Qd8 26. Rxe7 Rxe7 27. Re1 1-0

[Event "Tata Steel India Rapid"]
[Site "Kolkata IND"]
[Date "2021.11.18"]
[Round "4.5"]
[White "Karthikeyan, Murali"]
[Black "Shankland, Sam"]
[Result "1/2-1/2"]
[WhiteTitle "GM"]
[BlackTitle "GM"]
[WhiteElo "2630"]
[BlackElo "2708"]
[WhiteFideId "5074452"]
[BlackFideId "2004887"]
[EventDate "2021.11.17"]

1. e4 e5 2. Nf3 Nc6 3. Bb5 Nf6 4. d3 Bc5 5. Nbd2 O-O 6. Bxc6 bxc6 7. Nxe5 Re8 8.
Nef3 d5 9. O-O Bg4 10. h3 Bh5 11. Qe2 Nd7 12. Nb3 Bb6 13. Be3 dxe4 14. dxe4 Qf6
15. Nbd2 Qxb2 16. Qd3 Bxf3 17. Nxf3 Ne5 18. Nxe5 Qxe5 19. Bxb6 axb6 20. Qd7 c5
21. a4 Re7 22. Qb5 Ra5 23. Qd3 g6 24. Rfe1 Kg7 25. c3 Re6 26. Qe3 f5 27. Rad1
fxe4 28. Rd7+ Re7 29. Qxe4 Qxe4 30. Rxe7+ Qxe7 31. Rxe7+ Kg8 32. Rxc7 Rxa4 33.
Rb7 Rc4 34. Rxb6 Rxc3 1/2-1/2

[Event "Tata Steel India Rapid"]
[Site "Kolkata IND"]
[Date "2021.11.18"]
[Round "5.1"]
[White "Shankland, Sam"]
[Black "Vaishali, R"]
[Result "1-0"]
[WhiteTitle "GM"]
[BlackTitle "WGM"]
[WhiteElo "2708"]
[BlackElo "2405"]
[WhiteFideId "2004887"]
[BlackFideId "5091756"]
[EventDate "2021.11.17"]

1. Nf3 Nf6 2. g3 c5 3. Bg2 Nc6 4. O-O d5 5. d4 cxd4 6. Nxd4 e5 7. Nxc6 bxc6 8.
c4 Be6 9. Qa4 Qd7 10. Bg5 Rc8 11. Nc3 d4 12. Rfd1 Be7 13. e3 c5 14. Nb5 h6 15.
Bxf6 gxf6 16. b3 h5 17. Qxa7 h4 18. a4 hxg3 19. hxg3 Bg4 20. Qxd7+ Kxd7 21. Rd2
f5 22. a5 e4 23. exd4 Bg5 24. Rc2 Rh6 25. a6 Bf3 26. Rc3 Bxg2 27. Kxg2 Rch8 28.
Rd1 Rxa6 29. dxc5+ Ke7 30. Nd6 Ke6 31. Rc2 Rb8 32. Nb5 Rc8 33. Rd5 Bf6 34. Rcd2 1-0

[Event "Tata Steel India Rapid"]
[Site "Kolkata IND"]
[Date "2021.11.18"]
[Round "5.2"]
[White "Vidit, Santosh Gujrathi"]
[Black "Praggnanandhaa, R"]
[Result "1/2-1/2"]
[WhiteTitle "GM"]
[BlackTitle "GM"]
[WhiteElo "2727"]
[BlackElo "2610"]
[WhiteFideId "5029465"]
[BlackFideId "25059530"]
[EventDate "2021.11.17"]

1. d4 d5 2. c4 dxc4 3. Nf3 Nf6 4. e3 e6 5. Bxc4 c5 6. O-O Nc6 7. a3 a6 8. dxc5
Qxd1 9. Rxd1 Bxc5 10. b4 Be7 11. Bb2 O-O 12. Nbd2 Rd8 13. Be2 Bd7 14. Nb3 Be8
15. Rdc1 Ne4 16. Rc4 Nd6 17. Rc2 a5 18. bxa5 Nxa5 19. Nxa5 Rxa5 20. Rc7 Bf6 21.
Bxf6 gxf6 22. h3 Rda8 23. Rd1 Nb5 24. Bxb5 Bxb5 25. Rxb7 Bc6 26. Rc7 Bxf3 27.
gxf3 Rxa3 28. Rdd7 Rf8 29. f4 f5 30. Re7 Ra6 31. Kg2 Kg7 32. Kg3 Kf6 33. Ra7 1/2-1/2

[Event "Tata Steel India Rapid"]
[Site "Kolkata IND"]
[Date "2021.11.18"]
[Round "5.3"]
[White "Adhiban, Baskaran"]
[Black "Karthikeyan, Murali"]
[Result "1/2-1/2"]
[WhiteTitle "GM"]
[BlackTitle "GM"]
[WhiteElo "2672"]
[BlackElo "2630"]
[WhiteFideId "5018471"]
[BlackFideId "5074452"]
[EventDate "2021.11.17"]

1. b3 d5 2. Bb2 Nf6 3. Nf3 Bf5 4. Nh4 Bg6 5. Nxg6 hxg6 6. g3 e6 7. Bg2 Bd6 8. c4
c6 9. d4 Nbd7 10. Nc3 Qe7 11. a3 dxc4 12. bxc4 e5 13. d5 e4 14. O-O Nc5 15. Na4
O-O 16. Nxc5 Bxc5 17. Qa4 Rac8 18. e3 Nd7 19. Rfd1 f5 20. Rab1 Bb6 21. Qb4 Qf7
22. a4 Rb8 23. a5 Bc5 24. Qa4 b5 25. axb6 Nxb6 26. Qxc6 Rfc8 27. Qe6 Nxc4 28.
Ba1 Qxe6 29. dxe6 Rxb1 30. Rxb1 Bb6 31. Rc1 Kf8 32. Bf1 Nd6 33. Rxc8+ Nxc8 34.
Bc4 Nd6 35. Bd5 Ne8 36. Bb2 Bc5 37. Kf1 Ke7 38. Bc4 g5 39. h3 g6 40. g4 Nc7 41.
Ke2 Nxe6 42. Bc3 Kd6 43. Bf6 a5 44. Bb3 Bb4 45. Bc2 Bc5 46. Bb3 Bb6 47. Bc2 Bd8
48. Bc3 Nc5 49. Bd4 Nd7 50. f3 Bf6 51. fxe4 fxe4 52. Bxe4 Bxd4 53. exd4 a4 54.
Kd2 a3 55. Kc3 Nf8 56. Kb3 Ne6 57. Kxa3 Nxd4 58. Bxg6 Ke5 59. Kb4 Ne6 60. Kc4
Nf4 61. Bf5 Nxh3 62. Kd3 Kf4 63. Ke2 Kg3 64. Kf1 Nf2 65. Kg1 Nxg4 66. Bxg4 Kxg4
67. Kg2 Kf4 68. Kf2 g4 69. Kg2 g3 70. Kg1 Kf3 71. Kf1 g2+ 72. Kg1 Kg3 1/2-1/2

[Event "Tata Steel India Rapid"]
[Site "Kolkata IND"]
[Date "2021.11.18"]
[Round "5.4"]
[White "Aronian, Levon"]
[Black "Maghsoodloo, Parham"]
[Result "1/2-1/2"]
[WhiteTitle "GM"]
[BlackTitle "GM"]
[WhiteElo "2782"]
[BlackElo "2706"]
[WhiteFideId "13300474"]
[BlackFideId "12539929"]
[EventDate "2021.11.17"]

1. e4 c5 2. Nf3 Nc6 3. Bb5 g6 4. O-O Bg7 5. d3 Nf6 6. Nc3 O-O 7. e5 Ne8 8. Bxc6
bxc6 9. Re1 f6 10. exf6 Nxf6 11. Qe2 Re8 12. Ne4 d6 13. Nxf6+ Bxf6 14. Qe4 Rb8
15. Bg5 e5 16. Bxf6 Qxf6 17. b3 Rb4 18. Qe3 Rf4 19. Nd2 Rf8 20. Ne4 Qe7 21. f3
g5 22. Rf1 Be6 23. Rf2 Bf7 24. Raf1 Bg6 25. a3 h6 26. b4 cxb4 27. axb4 d5 28.
Qc5 Qxc5 29. Nxc5 Rxb4 30. Nd7 Ra8 31. Nxe5 Be8 32. c3 Rf4 33. Ra1 a5 34. d4 a4
35. Ra3 c5 36. Nd3 Rf7 37. Nxc5 Rb8 38. h3 Re7 39. Kh2 h5 40. f4 gxf4 41. Rxf4
Re2 42. Rf5 Kh7 43. Rg5 Kh6 44. h4 Rb6 45. Ra1 Rf6 46. Rxd5 Rf4 47. Rd6+ Bg6 48.
Nd3 Rg4 49. Rxg6+ Kxg6 50. Ne5+ Rxe5 51. dxe5 Rxh4+ 52. Kg1 Kf5 53. Rb1 a3 54.
e6 Re4 55. Ra1 Kxe6 56. Rxa3 Re2 57. Ra4 Rc2 58. Re4+ Kf5 59. Re3 h4 60. Kh2 Kf4
61. Rd3 Kg4 62. Rd4+ Kg5 63. Rc4 Rd2 64. Rc8 Rd3 65. c4 Rc3 66. c5 Kf6 67. c6
Kg7 68. c7 Kh7 69. Kg1 Rc2 70. Kf1 Kg7 71. Ke1 h3 72. gxh3 Kh7 73. Kd1 Rc4 74.
Kd2 Kg7 75. Kd3 Rc1 76. h4 Kh7 77. h5 Kg7 78. Ke3 Kh7 79. h6 Rc3+ 80. Kd4 Rc1 1/2-1/2

[Event "Tata Steel India Rapid"]
[Site "Kolkata IND"]
[Date "2021.11.18"]
[Round "6.1"]
[White "Karthikeyan, Murali"]
[Black "Vidit, Santosh Gujrathi"]
[Result "1/2-1/2"]
[WhiteTitle "GM"]
[BlackTitle "GM"]
[WhiteElo "2630"]
[BlackElo "2727"]
[WhiteFideId "5074452"]
[BlackFideId "5029465"]
[EventDate "2021.11.17"]

1. e4 e5 2. Nf3 Nc6 3. Bb5 a6 4. Ba4 Nf6 5. d3 b5 6. Bb3 Bc5 7. Nc3 d6 8. Nd5 h6
9. c3 Be6 10. O-O Bxd5 11. exd5 Ne7 12. d4 exd4 13. Nxd4 Qd7 14. a4 O-O 15. Qd3
Rab8 16. axb5 axb5 17. Nc6 Nxc6 18. dxc6 Qxc6 19. Bxh6 Qe4 20. Qg3 Qg4 21. Qxg4
Nxg4 22. Bd2 Rfe8 23. Bd1 Ne5 24. g3 Ra8 25. Rb1 Nd3 26. Kg2 Ra2 27. Bc2 Rxb2
28. Bxd3 Rxd2 29. Bxb5 Rb8 30. Bd3 Rxb1 31. Bxb1 d5 32. h4 g6 33. g4 Kg7 34. g5
Bb6 35. Kg3 Ba5 36. f4 Bxc3 37. f5 Be5+ 38. Kf3 gxf5 39. Bxf5 Rd4 40. h5 Rf4+
41. Ke2 Rxf1 42. Kxf1 Bf4 43. h6+ Kh8 44. g6 fxg6 45. Bxg6 Bxh6 46. Bf7 c6 47.
Ke2 Kg7 48. Be8 c5 49. Bc6 d4 50. Kd3 Kf6 51. Bb5 Ke5 52. Bc4 Bf8 53. Bb3 Be7
54. Bc4 Bf8 55. Bb3 Be7 1/2-1/2